| 000 | 00411nam a22001697a 4500 | ||
|---|---|---|---|
| 005 | 20160503122800.0 | ||
| 008 | 160503b xxu||||| |||| 00| 0 eng d | ||
| 020 | _a81-203-2167-7 | ||
| 041 | _aeng | ||
| 082 | _b1212 | ||
| 100 |
_aKumar V. _9413 |
||
| 245 | _aInternational Marketing Reserch | ||
| 260 |
_aNew Delhi _bPrentice hall of India, _c2003 |
||
| 300 | _a447 | ||
| 650 |
_aManagement _9241 |
||
| 942 | _cBK | ||
| 999 |
_c490 _d490 |
||